[Event "IECG CN.2000.0.00178"]
[Site "IECG email"]
[Date "2000.02.27"]
[Round "?"]
[White "Albertoni, Fernando Andris"]
[Black "Svartbo, Martin"]
[Result "0-1"]
[WhiteElo "800"]
[BlackElo "800"]
[PlyCount "24"]
[EventDate "2000.02.27"]
[EventType "tourn (corr)"]
[EventRounds "6"]
[SourceTitle "Corr 2008"]
[Source "ChessBase"]
[SourceDate "2008.06.24"]
[SourceVersion "1"]
[SourceVersionDate "2008.06.24"]
[SourceQuality "1"]

1. e4 c5 2. d4 cxd4 3. c3 dxc3 4. Nxc3 e6 5. Bc4 a6 6. Nf3 b5 7. Bb3 Bb7 8. Qe2 d6 9. 0-0 Nd7 10. Rd1 Ngf6 11. Rd4 Be7 12. a4 0-0 0-1